THE WORLD BOOK ENCYCLOPEDIA REASEARCH GUIDE/INDEX VOLUME 22 (Record no. 581125)
[ view plain ]
| 000 -LEADER | |
|---|---|
| fixed length control field | 00302nam a22001217a 4500 |
| 020 ## - INTERNATIONAL STANDARD BOOK NUMBER | |
| International Standard Book Number | 0-7166-0080-3 |
| 082 ## - DEWEY DECIMAL CLASSIFICATION NUMBER | |
| Classification number | 030 WOR'W |
| 100 ## - MAIN ENTRY--PERSONAL NAME | |
| Personal name | WORLD BOOK |
| 9 (RLIN) | 75730 |
| 245 ## - TITLE STATEMENT | |
| Title | THE WORLD BOOK ENCYCLOPEDIA REASEARCH GUIDE/INDEX VOLUME 22 |
| 260 ## - PUBLICATION, DISTRIBUTION, ETC. | |
| Place of publication, distribution, etc. | USA |
| Name of publisher, distributor, etc. | WORLD BOOK |
| Date of publication, distribution, etc. | 1980 |
| 300 ## - PHYSICAL DESCRIPTION | |
| Extent | 1021P |
| 942 ## - ADDED ENTRY ELEMENTS (KOHA) | |
| Koha item type | Book |
| Withdrawn status | Lost status | Damaged status | Not for loan | Permanent Location | Current Location | Shelving location | Date acquired | Total Checkouts | Full call number | Barcode | Date last seen | Price effective from | Koha item type |
|---|---|---|---|---|---|---|---|---|---|---|---|---|---|
| College of Electrical & Mechanical Engineering (CEME) | College of Electrical & Mechanical Engineering (CEME) | General Stacks | 05/22/2017 | 030 WOR'W | CEME-13900 | 06/28/2021 | 06/28/2021 | Book |
